Katerina

Bibliographic Details
Main Author: Ahadiat Akashah
Format: Book
Published: Kuala Lumpur : Sykt. Fajar , 2001
Subjects:

MARC

LEADER 00000cam a2200000 7i4500
001 0000011223
005 20071109.0
008 071109
020 |a 9839216686 
090 0 0 |a AHA   |b MAL 
100 0 |a Ahadiat Akashah 
245 1 0 |a Katerina   |c Ahadiat Akashah 
260 |a Kuala Lumpur :   |b Sykt. Fajar ,   |c 2001 
650 0 |a Malay fiction 
650 0 |a Novel 
650 0 |a Young adult fiction, Malay 
999 |a 0000909519   |b Book   |c Adult Collection   |e Cawangan Bandar Tenggara 
999 |a 0000940390   |b Book   |c Adult Collection   |e Cawangan Taman Sri Lambak 
999 |a 0000940391   |b Book   |c Adult Collection   |e Cawangan Taman Sri Lambak 
999 |a 0000941729   |b Book   |c Adult Collection   |e Cawangan Taman Sri Lambak 
999 |a 0000941730   |b Book   |c Adult Collection   |e Cawangan Taman Sri Lambak 
999 |a 0001000316   |b Book   |c Adult Collection   |e Perbadanan Perpustakaan Awam Johor 
999 |a 0001000317   |b Book   |c Adult Collection   |e Perbadanan Perpustakaan Awam Johor 
999 |a 0001000318   |b Book   |c Adult Collection   |e Perbadanan Perpustakaan Awam Johor 
999 |a 0001000319   |b Book   |c Adult Collection   |e Perbadanan Perpustakaan Awam Johor 
999 |a 0001000320   |b Book   |c Adult Collection   |e Perbadanan Perpustakaan Awam Johor